[Event "Paris Oscaro blitz"]
[Site "Paris"]
[Date "2017.09.16"]
[Round "1"]
[White "Le Roux, Jean Pierre"]
[Black "Favre, Mathieu"]
[Result "1-0"]
[WhiteElo "2554"]
[BlackElo "1979"]
[PlyCount "80"]
[EventDate "2017.09.16"]
[EventType "swiss (blitz)"]
[EventRounds "9"]
[EventCountry "FRA"]
[SourceTitle "CBM 180 Extra"]
[Source "ChessBase"]
[SourceDate "2017.10.06"]
[SourceVersion "1"]
[SourceVersionDate "2017.10.06"]
[SourceQuality "1"]

1. d4 d6 2. Nf3 Nf6 3. g3 Nbd7 4. c4 e5 5. Nc3 c6 6. Bg2 Be7 7. 0-0 0-0 8. Qc2 Re8 9. Rd1 Qc7 10. h3 a6 11. b3 Bf8 12. e4 Rb8 13. Be3 exd4 14. Nxd4 Ne5 15. Bg5 Nfd7 16. Re1 h6 17. Be3 Nf6 18. Rad1 Bd7 19. f4 Ng6 20. Bf2 Rbd8 21. Qc1 Qa5 22. Nf3 Qc7 23. Re2 Nh7 24. Rde1 Bc8 25. Na4 c5 26. Nc3 Bd7 27. Nd5 Qb8 28. g4 Bc6 29. Bg3 Bxd5 30. cxd5 Qc8 31. e5 b5 32. e6 fxe6 33. dxe6 Ne7 34. f5 c4 35. bxc4 bxc4 36. Bh4 d5 37. Ne5 Rd6 38. Nf7 Rc6 39. f6 Nxf6 40. Nxh6+ Kh7 1-0

[Event "Syre Memorial op 32nd"]
[Site "Issy les Moulineaux"]
[Date "2009.05.21"]
[Round "1"]
[White "Favre, Mathieu"]
[Black "Roser, Kevin"]
[Result "1/2-1/2"]
[WhiteElo "2080"]
[BlackElo "2436"]
[PlyCount "114"]
[EventDate "2009.05.21"]
[EventType "swiss"]
[EventRounds "6"]
[EventCountry "FRA"]
[SourceTitle "EXT 2010"]
[Source "ChessBase"]
[SourceDate "2010.11.25"]
[SourceVersion "1"]
[SourceVersionDate "2010.11.25"]
[SourceQuality "1"]

1. e4 c5 2. Nf3 Nc6 3. Bb5 e6 4. 0-0 Nge7 5. c3 a6 6. Ba4 b5 7. Bc2 Bb7 8. Re1 Rc8 9. d3 Ng6 10. Nbd2 Be7 11. Nf1 0-0 12. Ng3 d5 13. exd5 Qxd5 14. Bb3 Qd7 15. Qe2 Rfd8 16. Bc2 Qc7 17. Ng5 Nce5 18. f4 Bxg5 19. fxg5 Rd7 20. Be3 Nh4 21. Ne4 Bxe4 22. dxe4 Nc4 23. b3 Nxe3 24. Qxe3 Qe5 25. Rad1 Rcd8 26. Rxd7 Rxd7 27. Rd1 Rxd1+ 28. Bxd1 Ng6 29. g3 Qd6 30. Be2 Ne5 31. Kf2 Kf8 32. h3 Ke7 33. a4 bxa4 34. bxa4 Qb6 35. g4 Qa5 36. h4 Nd7 37. Bd1 Qc7 38. Kg2 Qd6 39. Be2 Qc6 40. Bd1 Ne5 41. Kg1 Qd6 42. Be2 Nd7 43. h5 Qc6 44. Bd1 Qc7 45. Be2 Qa5 46. Bd1 Qb6 47. Qc1 Ne5 48. Kg2 c4 49. Be2 Qc6 50. Qe3 Nd7 51. Qd4 Nc5 52. Bf3 Qd6 53. Qxg7 Qd2+ 54. Kg3 Qe1+ 55. Kg2 Nxe4 56. Bxe4 Qxe4+ 57. Kg3 Qe3+ 1/2-1/2

[Event "Thorigny op 1st "]
[Site "Thorigny"]
[Date "2005.03.18"]
[Round "3"]
[White "El Farihi, Mohsine"]
[Black "Favre, Mathieu"]
[Result "0-1"]
[WhiteElo "2230"]
[BlackElo "2036"]
[PlyCount "62"]
[EventDate "2005.03.17"]
[EventType "swiss"]
[EventRounds "7"]
[EventCountry "FRA"]
[SourceTitle "EXT 2007"]
[Source "ChessBase"]
[SourceDate "2006.11.23"]
[SourceVersion "1"]
[SourceVersionDate "2006.11.23"]
[SourceQuality "1"]

1. b3 e5 2. Bb2 d6 3. e3 Nf6 4. d4 exd4 5. Bxd4 Be7 6. Nf3 Nc6 7. Bb5 Bd7 8. Bb2 0-0 9. 0-0 a6 10. Be2 Bg4 11. Nc3 Qd7 12. Nd5 Nxd5 13. Qxd5 Rad8 14. Rad1 Qf5 15. Qc4 d5 16. Qd3 Qe6 17. Nd4 Bxe2 18. Nxe2 Bd6 19. f4 Rfe8 20. Rf3 Bc5 21. Nd4 Nxd4 22. exd4 Bf8 23. Rg3 Qe4 24. Qc3 g6 25. Qxc7 Rc8 26. Qxb7 Rxc2 27. Qxa6 Re6 28. Qa8 Re8 29. Qa5 Rec8 30. Rf3 Re2 31. Rd2 Rc1+ 0-1